Quizzes
Events
Quiz Creation
Community
Videos
Private Events
Remove Ads
Sign In
Join for FREE
Feedback
Dark Mode
Quiz Categories
Sports
Geography
Music
Movies
Television
Just For Fun
Miscellaneous
History
Literature
Language
Science
Gaming
Entertainment
Religion
Holiday
For Kids
Quiz Lab
Recent
Popular Today
Quiz Kudos Today
Editor Picks
Curator Picks
Quizzes by...
Day
Popularity
Type
Ratings
Length
Year
Community
Subscriptions
Recent Discussions
Orange Saloon
Badges
Playlists
Quests
Create
Leaderboards
Showdown
Live 5
Trivia Bingo
Activity
Puzzle Library
Sporcle Events
Private Events
Virtual Trivia
Globe League
Become a Host
Pub Owners
SporcleCon
Opinionation
Our Games
Videos
Blog
Mobile Apps
Partnerships
Remove Ads and Go Orange
Feedback
Music
Pop Music
The Beatles
Song
Album
Lyrics
Bands
Singers
Artist
Clip
Rock
Rap
Classical
Billboard
Country Music
Kpop
Taylor Swift
Music
Pop Music
The Beatles
Song
Album
Lyrics
Bands
Singers
Artist
Clip
Rock
Rap
Classical
Billboard
Country Music
Kpop
Taylor Swift
Random Quiz
Search Sporcle
×
Quiz Lab
Quiz Lab
Music
Song
Type in answers that appear in a list
Type in answers that appear in a list
Classic
Best Score? Go Orange.
Bands/Musicians By Song Titles Stats
Can you name the Bands/Musicians By Song Titles?
By
steppenfloyd
15m
174 Questions
115 Plays
115 Plays
115 Plays
Comments
Comments
Give Quiz Kudos
Give Quiz Kudos
-
- Ratings
hide this ad
Forced Order
Answers have to be entered in order
Answers have to be entered in order
Random Order
Randomize order of answers
Randomize order of answers
Replay
Link that replays current quiz
Next Quiz
Link to next quiz in quiz playlist
You Got
0%
They Got
Avg Score
38%
Avg Friend Score
Upgrade to see
Score Distribution
Jump to the score distribution portion of the page
Score
0/174
Timer
15:00
0
Plays Today
Song
Band/Musician
% Correct
Born In The USA
Bruce Springsteen
87%
Bohemian Rhapsody
Queen
87%
YMCA
Village People
86.1%
Sweet Child O' Mine
Guns N Roses
85.2%
School's Out
Alice Cooper
84.3%
Space Oddity
David Bowie
84.3%
Sultans Of Swing
Dire Straits
82.6%
American Pie
Don McLean
80%
Black Magic Woman
Santana
80%
House Of The Rising Sun
Animals
79.1%
Summer Of '69
Bryan Adams
79.1%
Goodbye Yellow Brick Road
Elton John
78.3%
Rock And Roll All Nite
Kiss
78.3%
Sunshine Of Your Love
Cream
77.4%
Crazy Train
Ozzy Osbourne
77.4%
Proud Mary
Creedence Clearwater Revival
76.5%
Rebel Yell
Billy Idol
75.7%
Free Bird
Lynyrd Skynyrd
75.7%
Heart Shaped Box
Nirvana
75.7%
Under The Bridge
Red Hot Chili Peppers
75.7%
Great Balls Of Fire
Jerry Lee Lewis
74.8%
Dust In The Wind
Kansas
74.8%
What's Going On
Marvin Gaye
74.8%
Don't Fear The Reaper
Blue Oyster Cult
73.9%
My Sharona
Knack
73.9%
Zombie
Cranberries
72.2%
Nights In White Satin
Moody Blues
69.6%
All Shook Up
Elvis Presley
68.7%
Layla
Derek & The Dominos
67.8%
Tush
ZZ Top
67.8%
Man On The Moon
REM
67%
Magic Carpet Ride
Steppenwolf
67%
Don't Bring Me Down
Electric Light Orchestra
64.3%
Radar Love
Golden Earring
64.3%
In-
A-
Gadda-
Da-
Vida
Iron Butterfly
64.3%
Locomotive Breath
Jethro Tull
63.5%
Only The Good Die Young
Billy Joel
61.7%
Mr. Tambourine Man
Bob Dylan
61.7%
Blinded By The Light
Manfred Mann's Earth Band
61.7%
Unchained Melody
Righteous Brothers
61.7%
Hold The Line
Toto
61.7%
Happy Together
Turtles
61.7%
Runnin' With The Devil
Van Halen
61.7%
Moondance
Van Morrison
59.1%
Low Rider
War
59.1%
Bad To The Bone
George Thorogood
58.3%
The Weight
The Band
57.4%
The Long And Winding Road
The Beatles
57.4%
Turn! Turn! Turn!
The Byrds
57.4%
September
Earth, Wind & Fire
57.4%
Joy To The World
Three Dog Night
57.4%
The Great Gig In The Sky
Pink Floyd
56.5%
Wheel In The Sky
Journey
55.7%
Double Vision
Foreigner
54.8%
Wild Thing
Troggs
54.8%
We're An American Band
Grand Funk Railroad
53.9%
Margaritaville
Jimmy Buffet
53.9%
Cherry Pie
Warrant
53.9%
Song
Band/Musician
% Correct
Two Tickets To Paradise
Eddie Money
53%
Don't Stop
Fleetwood Mac
53%
Running On Empty
Jackson Browne
53%
Ballroom Blitz
Sweet
53%
Mississippi Queen
Mountain
52.2%
Feel Like Making Love
Bad Company
51.3%
Black Betty
Ram Jam
50.4%
Street Fighting Man
Rolling Stones
50.4%
Ventura Highway
America
49.6%
Lean On Me
Bill Withers
49.6%
Take It On The Run
REO Speedwagon
49.6%
Play That Funky Music
Wild Cherry
49.6%
Brick House
Commodores
48.7%
All The Young Dudes
Mott The Hoople
48.7%
Spirit In The Sky
Norman Greenbaum
48.7%
Time Of The Season
Zombies
48.7%
Hush
Deep Purple
47%
Long Train Runnin'
Doobie Brothers
47%
Surrender
Cheap Trick
46.1%
Stuck In The Middle With You
Stealer's Wheel
43.5%
Peace Train
Cat Stevens
42.6%
Already Gone
Eagles
41.7%
Sad But True
Metallica
41.7%
What I Got
Sublime
41.7%
Hollywood Nights
Bob Seger
39.1%
Hocus Pocus
Focus
39.1%
Accidentally In Love
Counting Crows
38.3%
Smokin'
Boston
37.4%
Good Times Roll
Cars
37.4%
Sunshine Superman
Donovan
37.4%
Jet
Paul McCartney
36.5%
Caught Up In You
.38 Special
36.5%
These Eyes
Guess Who
35.7%
Stranglehold
Ted Nugent
34.8%
For Your Love
Yardbirds
33.9%
Cortez The Killer
Neil Young
33%
Drift Away
Dobie Gray
32.2%
Flirting With Disaster
Molly Hatchet
31.3%
The Letter
The Box Tops
30.4%
Hysteria
Muse
30.4%
Since I've Been Loving You
Led Zeppelin
29.6%
Dear Mr. Fantasy
Traffic
29.6%
Starship Trooper
Yes
29.6%
Funk #49
James Gang
28.7%
Fire
Jimi Hendrix
28.7%
Hello It's Me
Todd Rundgren
27.8%
The Wizard
Black Sabbath
27%
Handle With Care
Traveling Wilburys
27%
Them Bones
Alice In Chains
26.1%
Clampdown
Clash
24.3%
A Passage To Bangkok
Rush
24.3%
Love The One You're With
Stephen Stills
24.3%
California Uber Alles
Dead Kennedys
23.5%
Smokin' In The Boys Room
Brownsville Station
22.6%
Mr. Soul
Buffalo Springfield
22.6%
Will It Go Round In Circles
Billy Preston
21.7%
Let It Ride
Bachman Turner Overdrive
20.9%
Robber, Assault & Battery
Genesis
20.9%
Song
Band/Musician
% Correct
Three Of A Perfect Pair
King Crimson
20.9%
Mexican Radio
Wall Of Voodoo
20.9%
Crawling King Snake
Doors
20%
Blue On Black
Kenny Wayne Shepherd
20%
I'd Love To Change The World
Ten Years After
20%
God Gave Rock And Roll To You
Argent
19.1%
You've Made Me So Very Happy
Blood, Sweat & Tears
19.1%
Guitar Man
Bread
19.1%
Fooled Around And Fell In Love
Elvin Bishop
19.1%
Day After Day
Badfinger
18.3%
Can't Find My Way Home
Blind Faith
18.3%
Let It Grow
Eric Clapton
17.4%
The Fixer
Pearl Jam
17.4%
Long Time Gone
Crosby, Stills & Nash
16.5%
Fire And Water
Free
16.5%
Are You Ready Eddy?
Emerson, Lake & Palmer
13.9%
Set Me Free
Kinks
13.9%
30 Days In The Hole
Humble Pie
13%
Freefall
Camel
12.2%
The House Is Rockin'
Stevie Ray Vaughan
12.2%
Saving Grace
Tom Petty
12.2%
Refugees
Van Der Graaf Generator
12.2%
Goin' Down The Road Feeling Bad
Grateful Dead
11.3%
Crazy Love
Poco
11.3%
The Rock
The Who
11.3%
Coney Island Baby
Lou Reed
10.4%
Warrior
Wishbone Ash
10.4%
Let's Live For Today
Grass Roots
9.6%
Dance, Dance, Dance
Steve Miller Band
9.6%
Dinah-
Moe-
Hum
Frank Zappa
8.7%
Hey Kids
JET
8.7%
(Ghost) Riders In The Sky
Outlaws
8.7%
Gimme Some Money
Spinal Tap
8.7%
Dreams
Allman Brothers Band
7.8%
Open Car
Porcupine Tree
7.8%
The Slider
T.Rex
7.8%
Calvary
Quicksilver Messenger Service
7%
I'll Sue Ya
Weird Al Yankovic
7%
Take A Breath
David Gilmour
6.1%
Windowpane
Opeth
6.1%
Shine It All Around
Robert Plant
5.2%
Your Gold Teeth
Steely Dan
5.2%
Libby
Carly Simon
4.3%
Almost Saturday Night
John Fogerty
4.3%
Mona Lisa Talking
Al Stewart
3.5%
Parchment Farm
Blue Cheer
3.5%
The Apparatus Must Be Underneath
Mars Volta
3.5%
Who Knows What The Question Is?
The Bees
2.6%
Brush With The Blues
Jeff Beck
2.6%
When You Hold Me Tight
John Hiatt
2.6%
I Can't Stand It
Velvet Underground
2.6%
When The Lights Go Out
Black Keys
1.7%
Keys To My Cadillac
Commander Cody
1.7%
To Live Is To Fly
Cowboy Junkies
1.7%
Break Me Off Some
John Mellencamp
1.7%
Johnny's Garden
Manassas
1.7%
Shakin' Street
MC5
1.7%
Witchcraft
Wolfmother
1.7%
Quiz Playlist
Details
Report
Send in Message
Add To Playlist
Classic:
Type in answers that appear in a list
Forced Order:
Answers have to be entered in order
Random Order:
Randomize order of answers
Last Updated: Feb 16, 2017
Quiz Scoreboard
CHALLENGE
Sign Up to Join the Scoreboard
Show All
Scores
Hide
Comments
May contain spoilers
Recently Published
College Basketball Coaching Resumes
by pancakes188
Sports
9m
Billboard Blitz: Fleetwood Mac
by CooCooCachoo
Music
15s
Presidents Visiting Landmarks
by Hejman
History
7m
More to Explore
Quiz From the Vault
Featured Blog Post
Where Did the Easter Bunny Come From?
hide this ad
You Might Also Like...
Tags
Bands Quiz
Rock Quiz
Song Quiz
blues
Progressive Rock
Today's Top Quizzes in Music
Browse Music
hide this ad
Today's Top Quizzes in Song
Browse Song
Top Contributed Quizzes in Music
1
Taylor Swift All Songs (2024)
2
Guess the Artist- 70s Songs
3
7-to-1: Billboard Hot 100 #1 Hits of 2010s
4
Sorting Albums and Songs
5
Taylor Swift Logic Puzzle
6
KPOP LOGIC QUIZ
7
One Thing in Common: Music
8
Guess the Taylor Swift song (Mystery Song)
9
2010s Album by Cover III
10
Guess The Taylor Swift Lyrics Song #1
Explore More
Trending Topics
Marvel
Anime
NBA
Kpop
Disney
Crossword
Harry Potter
NFL
Pokémon
Song
Country
Soccer
The Office
Puzzle
WWE
hide this ad
More By:
steppenfloyd
Quiz
Plays
Rating
Category
Featured
Created
Oscar Wilde or Frank Zappa
322
3.75
Miscellaneous
Dec 24, 2012
Featured On Baseball Digest's Front Page (1990-1999)
158
4.17
Sports
Jul 1, 2011
Bands/Musicians By Song Titles Part II
136
2.50
Music
Aug 31, 2011
Bands/Musicians By Song Titles
115
2.80
Music
Aug 26, 2011
Bands/Musicians By Song Titles Part III
98
3.50
Music
Sep 10, 2011
Go to Creator's Profile
Score Distribution
Quiz Creator Spotlight
steppenfloyd
Follow
Send a Message
Quizzes Created
-
Created Quiz Play Count
-
More By This Creator
Popular Quizzes Today
1
Find the US States - No Outlines Minefield
2
Find the Countries of Europe - No Outlines Minefield
3
The Countries of the World
4
Find the US States
5
Risky Map Clicking: Biggest States A-Z
6
US States
7
Popular People in 1961
8
Movies - When Are They Set?
More Music Quizzes
Twenty One Pilots: Vessel Start to Finish
Quiz Lab
Trending Quizzes
Risky Map Clicking: Least Populous States A-Z
1-10 Letter G Words
1-10 Letter F Words
Risky Map Clicking: Next State Alphabetically
Click the Washington State Counties! (Map)
Recently Updated
Leaping Animals
pecheneg
Reality TV Shows (A-Z)
bhenderson79
Rickey Henderson's Hall of Fame Teammates
pecheneg
Champions League XIs: Arsenal
pecheneg
Quick Pick: Celebrities in WWE's Hall of Fame
aduchscher
A-Z Keypad Blitz II
pecheneg
Multiple Oscar Actors
pecheneg
Mystery Phrase Blitz: Oscar 'Best Actors'
pecheneg
F. Scott Fitzgerald Novels
LTH
Pick 3 Villains
ddd62291
Trending Topics
Harry Potter
Anime
Crossword
Disney
NBA
Kpop
Marvel
Song
The Office
Country
Pokémon
WWE
Soccer
Puzzle
NFL
Your Account Isn't Verified!
In order to create a playlist on Sporcle, you need to verify the email address you used during registration. Go to your
Sporcle Settings
to finish the process.
Report this User
Report this user for behavior that violates our
Community Guidelines
.
Details:
Send Report
Go to the Sporcle.com Mobile Site →
Comments